00822nam a2200217 a 4500001001000000003000500010005001700015008004100032010001100073011001100084040000900095100003500104245011400139260004100253500006000294502008100354650003100435650002600466650004200492856007000534000115243CHAP20220329144525.0190121s2018 mx sm |||||||spa d a111704 a112676 cCHAP1 aRodríguez Romero, Francisco.10aMedición comercial de maderas :h[En línea]bprácticas en México /cpor Francisco Rodríguez Romero. aChapingo, Méx. :bEl autor,c2018. aPara ver el contenido del material haga clic en la liga aTesis (Ing. Agr. Esp. en Bosques) -- UACH. División de Ciencias Forestales14aMadera aserradaxMercadeo.14aMaderaxCubicación.14aTablas de volúmenes y rendimientos. aFinding aiduhttp://10.13.5.2/tesis/sist115243.pdfzTeclea aquí